[Event "Dortmund SuperGM 25th"]
[Site "Dortmund"]
[Date "1997.07.06"]
[Round "3"]
[White "Polgar, Judit"]
[Black "Short, Nigel D"]
[Result "1-0"]
[WhiteElo "2670"]
[BlackElo "2660"]
[Annotator "Baburin,A"]
[PlyCount "77"]
[EventDate "1997.07.04"]
[EventType "tourn"]
[EventRounds "9"]
[EventCountry "GER"]
[EventCategory "18"]
[SourceTitle "CBM 060"]
[Source "ChessBase"]
[SourceDate "1997.09.29"]
[SourceVersion "1"]
[SourceVersionDate "1997.09.29"]
[SourceQuality "1"]

1. e4 {Ftacnik} c5 2. Nf3 e6 3. d4 cxd4 4. Nxd4 Qb6 5. Nb3 a6 (5... d6 {Ftacnik
} 6. Bd3 Nf6 7. O-O Be7 8. Be3 Qc7 9. f4 Nc6 10. Nc3 Bd7 11. g4 h5 12. h3 hxg4
13. hxg4 g5 14. fxg5 Nh7 15. g6 fxg6 16. Nb5 Qb8 17. Bf4 Ng5 18. Kg2 Ne5 19.
Be2 Bc6 20. Bxg5 Bxg5 21. Qd4 Bxb5 22. Bxb5+ Ke7 {0-1 Shetty,R-Vaidya,A/
Calcutta (10)/1992 (33)}) 6. Nc3 d6 (6... Qc7 {Ftacnik} 7. Be2 Nf6 8. O-O b5 9.
Bf3 Nc6 10. g3 Bb7 11. Bg2 d6 12. Re1 Be7 13. a4 b4 14. Na2 O-O 15. Bf4 Rfd8
16. Qd2 Rab8 17. Rac1 Ne5 18. Nxb4 Bxe4 19. Nxa6 Qb7 20. Rxe4 Nxe4 21. Nxb8
Nxd2 22. Bxb7 Nxb3 23. cxb3 Rxb8 24. Rc8+ Rxc8 25. Bxc8 {1-0 Anand,V-Polgar,J/
Monaco blind (02)/1995 (32)}) 7. Bf4 Nf6 8. Qd2 Be7 9. O-O-O O-O 10. g4 $5 (10.
Bxd6 {Ftacnik} Bxd6 11. Qxd6 Qxf2 $13) 10... Nxg4 11. Rg1 Ne5 (11... Nxf2 $2 {
Ftacnik} 12. Be3 $18) (11... Nf6 {Ftacnik} 12. Bh6 Ne8 13. Bxg7 Nxg7 14. Qh6
$18) 12. Qe2 Qc7 13. Be3 b5 14. f4 Nc4 (14... Ng6 {Ftacnik} 15. f5 $40) 15. Bd4
g6 {[%csl Rf6,Rh6] Some holes appear in the Black position.} (15... e5 {Ftacnik
} 16. Nd5 Qd8 17. Qg2 g6 18. fxe5 $16) 16. Qh5 $5 {The queen is getting close
to Black's king and the promising h6-square.} Nd7 $2 ({More critical would
have been} 16... Nc6 $1 {hitting the dangerous d4-bishop, as GM Seirawan
correctly pointed out in 'Inside Chess' magazine. Then the play may continue:}
17. f5 (17. Rd3 $1 {Ftacnik} Nxd4 (17... e5 18. Nd5 Qb7 19. f5 Kh8 20. Qh6 Rg8
21. Rh3 Rg7 22. Bf2 $40) 18. Rh3 Nxb3+ 19. axb3 Kg7 20. Qh6+ Kf6 21. e5+ dxe5
22. Ne4+ Kf5 23. Bd3 $18) (17. Qh6 $6 Nxd4 18. Nxd4 Bf6) 17... Nxd4 18. fxg6 (
18. Nxd4 $6 Bf6 {is slow and therefore is not satisfactory for White.}) 18...
Nxb3+ 19. axb3 fxg6 20. Rxg6+ $1 {It looks to me that this sharp line should
result in a draw:} (20. Bxc4 $2 {is not good because of} Bf6 $1 ({but not} 
20... bxc4 $2 {when White transposes into a favourable line:} 21. Rxg6+ Kh8 22.
Qh6)) {After the inferior move} 20... Kh8 $2 {White's attack is indeed very
dangerous:} (20... hxg6 $1 {Strangly enough Seirawan did not consider this
move, although the text makes a lot of sense - grabbing as much material as
possible and giving some of it back later can be a good defensive technique in
such positions.} 21. Qxg6+ Kh8 22. Qh6+ Kg8 {and now White has to settle for a
draw by perpetual check -} 23. Qg6+ ({as after} 23. Bxc4 $2 Bf6 {White has
insufficient compensation for the rook.})) 21. Bxc4 bxc4 22. Qh6 Rf7 23. Rdg1
Bb7 24. Rg7 Bg5+ 25. R7xg5 {for example:} cxb3 26. Qxe6 bxc2 27. Nd5 Bxd5 28.
Qxd5 $16) 17. Qh6 (17. Rd3 $5 {appears to be more direct. Black has only one
defence:} e5 {(Seirawan)} (17... Bf6 $2 18. Rh3 Rd8 19. Rxg6+ fxg6 20. Qxh7+
Kf8 21. Bxf6 $18 (21. Bxf6 Nxf6 22. Qxc7 $18)) (17... Nf6 18. Bxf6 Bxf6 19. Rh3
Re8 20. Qxh7+ Kf8 21. Rxg6 $18) (17... Re8 $4 18. Qxh7+ $1 $18) (17... Rd8 18.
Qxh7+ $1 Kxh7 19. Rh3+) 18. Nd5 Nf6 {However, after} (18... Qd8 19. Rh3 $18)
19. Nxc7 Nxh5 20. Nxa8 exd4 21. f5 {White keeps the advantage.} (21. Nc7 {
Ftacnik} Nxf4 $14)) 17... Bf6 (17... Nf6 $5 {Ftacnik} 18. Bxc4 (18. Rd3 e5 $1)
18... bxc4 19. e5 Ne8 20. Nd2 $13) 18. Rd3 Bxd4 19. Nxd4 (19. Rh3 $2 {Ftacnik}
Be3+ 20. Kb1 Nf6 $19) 19... Re8 20. Rh3 Nf8 ({Black had another defensive idea
as well:} 20... Nf6 $5 {Here the knight is more vulnerable than on f8, but on
the other hand it covers the d5-square, thus making ...e6-e5 possible. The
following continuation might be possible:} 21. Bxc4 Qxc4 22. e5 dxe5 (22...
Qxd4 $2 23. Ne2 $1 $18) 23. fxe5 Qxd4 24. exf6 Qxf6 25. Ne4 Qh8 $1 (25... Qg7
26. Qg5 e5 27. Rxh7 $1 $40) 26. Qg5 e5 27. Nf6+ Qxf6 28. Qxf6 Bxh3 $13) (20...
Nf6 {Ftacnik}) 21. e5 $1 d5 (21... dxe5 {Ftacnik} 22. Ne4 Nd7 23. Rxg6+ fxg6
24. Qxh7+ Kf8 25. Qh8+ Ke7 26. Rh7+ Kd8 27. Nxe6#) 22. Bd3 (22. Bxc4 $1 {
would have been more energetic:} {After} Qxc4 (22... bxc4 $2 23. Nd1 $1 {
with a further Nd1-e3-g4-f6.} (23. Nf5 f6 24. Nd6 Rd8 {is not so clear.})) 23.
Nce2 {White's attack is going to succeed, for example:} Qxa2 24. Nf3 Qa1+ 25.
Kd2 Qxb2 26. Ng5 $18) (22. Nf5 {Ftacnik} f6 (22... exf5 23. Nxd5 Qc6 24. Bxc4 (
24. Nf6+ $4 Qxf6 25. exf6 Re1#) 24... Re6 25. Bb3 $18) 23. Nh4 Qg7 $15) 22...
Nxe5 $1 {This sacrifice is Black's best chance.} (22... Bb7 {Ftacnik} 23. Nce2
$40) (22... b4 {Ftacnik} 23. Nf5 $3 f6 24. Ne4 dxe4 25. Bxc4 fxe5 26. Qg5 $16)
23. fxe5 Qxe5 24. Qh4 Bb7 $2 ({According to Seirawan, Black's best bid was in} 
24... Qg7 {when the positions remains unclear. On b7 the bishop is misplaced;
as a matter of fact, it did not move any more in this game.}) (24... Qc7 {
Ftacnik} 25. Nf5 exf5 26. Nxd5 Qe5 27. Nf6+ Kg7 28. Nxe8+ Qxe8 29. Qh6+ Kg8 30.
Re3 Qc6 31. h4 $16) 25. Rf3 Rac8 (25... Qc7 {Ftacnik} 26. Nce2 Rac8 27. Qf6 $16
) 26. Nce2 Rc7 {xf7} 27. Rf6 Ree7 (27... Qd6 {Ftacnik} 28. Nf5 $1 Qc5 29. Nh6+
Kg7 30. Rgf1 $16) 28. Kd2 {xe3} Red7 (28... Nd7 $2 {Ftacnik} 29. Rfxg6+ fxg6
30. Qxe7 $18) 29. a3 $1 Kg7 (29... Qd6 {Ftacnik} 30. Nf5 Qc5 31. Nh6+ Kg7 32.
Ng4 $16) 30. Nf4 Rc8 (30... Qxf6 {Ftacnik} 31. Nh5+ $18) (30... Qxd4 {Ftacnik}
31. Nh5+ $18) 31. Rg5 $1 $18 Qc7 (31... Qd6 {Ftacnik} 32. Nf5+ exf5 33. Rxd6
$18) 32. Nfxe6+ Nxe6 (32... fxe6 {Ftacnik} 33. Rxf8 $1 $18) 33. Rxe6 (33. Nxe6+
{Ftacnik} fxe6 34. Bxg6 Kh8 35. Qh6 $14) 33... Qa5+ 34. b4 Qxa3 35. Nf5+ Kg8 (
35... Kh8 {Ftacnik} 36. Qd4+ $18) 36. Ne7+ Rxe7 (36... Kg7 {Ftacnik} 37. Qd4+
Kh6 38. Nf5+ Kxg5 39. Qh4#) 37. Rxe7 Qc3+ 38. Ke2 d4 39. Qf4 1-0

[Event "RUS-chT 05th"]
[Site "Maikop"]
[Date "1998.06.07"]
[Round "5"]
[White "Balashov, Yuri S"]
[Black "Tunik, Gennady"]
[Result "1-0"]
[WhiteElo "2555"]
[BlackElo "2470"]
[Annotator "Baburin,A"]
[PlyCount "101"]
[EventDate "1998.06.03"]
[EventType "team-tourn"]
[EventRounds "11"]
[EventCountry "RUS"]
[SourceTitle "CBM 066"]
[Source "ChessBase"]
[SourceDate "1998.09.30"]
[SourceVersion "1"]
[SourceVersionDate "1998.09.30"]
[SourceQuality "1"]
[WhiteTeam "Tomsk 400"]
[BlackTeam "Saratov GShK"]
[WhiteTeamCountry "RUS"]
[BlackTeamCountry "RUS"]

1. e4 c5 2. Nf3 e6 3. b3 a6 4. Qe2 Nc6 5. Bb2 d6 6. g3 Nf6 7. Bg2 Be7 8. O-O
O-O 9. c3 d5 10. e5 Nd7 11. d4 cxd4 12. cxd4 b5 13. Nc3 Nb6 14. Rac1 Bd7 15.
Qd2 Nb4 16. Rfd1 Rc8 17. h4 $1 {White starts play on the kingside. He may
eventually play Bg2-f1, a2-a3, Bf1-d3 and then target the h7-pawn.} Kh8 18. h5
h6 19. a3 Nc6 20. Ne2 a5 21. Nf4 a4 22. b4 Nc4 23. Qe2 Nb8 24. Ne1 $1 {White
is going to utilise the c5-outpost. While on the queenside we see rough parity,
on the opposite wing White has very clear prospects of attack due to his large
spatial advantage.} Bg5 25. Ned3 Bc6 26. Rc3 Nd7 $6 (26... Nxb2 $142 27. Qxb2
Qb6) 27. Bc1 $1 {Now the c4-knight looks nice, but actually does nothing!} Re8
28. Ne1 Nf8 29. Nfd3 Bxc1 30. Rdxc1 Nh7 31. f4 Re7 32. Nc5 Be8 33. Nf3 Rc6 34.
Nh4 Rec7 35. Re1 Nf8 36. Qf2 Nd7 37. g4 $1 {White's attack develops itself.}
Nxc5 38. dxc5 f6 39. Nf3 fxe5 40. Nxe5 Nxe5 41. Rxe5 Rf7 42. Qe3 Rc8 43. Qd4
Bd7 44. g5 $18 hxg5 45. fxg5 Qf8 46. h6 Kg8 47. c6 Rxc6 48. Rxc6 Bxc6 49. Rxe6
Bb7 50. g6 Re7 51. Qe5 1-0

[Event "FRA-chT Top 16 GpB"]
[Site "Port Barcares"]
[Date "2005.05.06"]
[Round "10"]
[White "Lerch, Patrice"]
[Black "Kazhgaleyev, Murtas"]
[Result "0-1"]
[WhiteElo "2308"]
[BlackElo "2600"]
[Annotator "Bangiev,A"]
[PlyCount "86"]
[EventDate "2005.05.04"]
[EventType "team"]
[EventRounds "11"]
[EventCountry "FRA"]
[SourceTitle "CBM 107"]
[Source "ChessBase"]
[SourceDate "2005.08.01"]
[SourceVersion "1"]
[SourceVersionDate "2005.08.01"]
[SourceQuality "1"]

1. e4 c5 2. Nc3 a6 3. g3 b5 4. Bg2 Bb7 5. d3 e6 6. Nf3 d6 7. O-O Nd7 8. a3 Be7
9. Qe2 Ngf6 {[%csl Ge4][%cal Ye6f7,Ye4f5]} 10. Ng5 {[%cal Ye6f7]} Qc7 (10... h6
11. Nxe6 $5 (11. Nh3) 11... fxe6 12. e5 Bxg2 13. exf6 Nxf6 14. Kxg2 Qd7 15. Re1
) 11. f4 h6 12. Nh3 (12. Nxe6 $2 fxe6 13. e5 dxe5 {Bb7 ist gedeckt}) 12... Nb6
13. Bd2 Nfd7 {[%csl Ge4,Gf7][%cal Ye4f5]} 14. Rae1 (14. f5 $5 {[%cal Ye4f5]}
exf5 (14... e5 15. a4 b4 16. a5) 15. exf5 (15. Rxf5 Ne5) 15... Bxg2 16. Kxg2
Ne5 17. Qe4 O-O 18. Nf4 {[%csl Ge4][%cal Ye4d5,Ye4f5,Ye6f7]}) 14... b4 15. Nb1
(15. Nd1 $142) 15... a5 16. b3 (16. c3 $142 d5 17. Nf2) 16... Nb8 17. c4 (17.
c3 $142 Nc6 18. f5) 17... Nc6 18. a4 {Weiß ist offenbar bestrebt die Öffnung
der Stellung zu vermeiden.} O-O-O (18... Nd4 19. Qd1 O-O) 19. Be3 {[%csl Ge5,
Gf2,Gh2][%cal Ye5f4,Yg5h4]} d5 $5 {[%cal Ye3f2,Ye5f4][%mdl 128] Der Schwarze
ist damit bestrebt das Spiel zu öffnen um die Felder e3,f2 erreichen zu können.
Diese Aktion kommt allerdings zum richtigen Zeitpunkt (beide weißen Springer
sind von wichtigen Feldern weit entfernt).} (19... Bf6 20. Nd2) (19... h5 20.
Nd2 h4 21. g4) 20. exd5 (20. cxd5 exd5 21. Qg4+ Qd7 22. Qxg7 (22. Qxd7+ Rxd7
$15) 22... d4 23. Bc1 Qe6 24. Nd2 Bf6 25. f5 Qe7 26. Qg4 h5 27. Qd1 h4 {
[%csl Ge5,Gf2,Gh2][%cal Ye5f4,Ye3f2] Für eine Initiative am Königsflügel
verfügt Schwarz über einen sicheren Spielraum.}) 20... exd5 21. Qg4+ f5 {
[%mdl 512] Für die Initiative ist Schwarz bereit einen Bauern zu opfern.} (
21... Kb8 22. Qxg7 d4) 22. Qxf5+ (22. Qxg7 Qd6 23. Qf7 Bf6) 22... Kb8 23. Nf2
h5 {/\h4} 24. cxd5 (24. Qg6 h4) (24. Qe6 h4) 24... Nxd5 25. Nd2 {[%cal Ye3f2,
Ye5f4]} Bf6 {[%mdl 512] /\Ne3 gefolgt von Bd4. Dies zwingt Weiß auf c5 zu
nehmen. Schwarz möchte damit den weißen Läufer abzutauschen.} (25... Nxe3 {
Diese Fortsetzung mit der Idee Bf6 wäre eine konsequente Folge der schwarzen
Strategie.} 26. Rxe3 Bf6 (26... Nd4 27. Qf7) 27. Rc1 Bd4 28. Re2 h4 {Schwarz
sollte gelingen die schwarzfeldrige Initiative voran zu entwickeln.}) 26. Bxc5
Nd4 27. Bxd4 Bxd4 {[%csl Gf2][%cal Ye3f2] Es droht h4 mit dem Druck auf die
schwarzen Felder.} 28. Qe4 {Weiß möchte zu Recht die Vereinfachung der
Stellung erzwingen.} (28. Nc4 {[%cal Ye3f2]} h4) 28... Ne3 29. Qxb7+ Qxb7 30.
Bxb7 Kxb7 31. Nc4 Nxf1 32. Kxf1 {Der Nachziehende hat offenbar diese Stellung
angestrebt. Ist Schwarz im Vorteil? Schwer zu sagen. Weiß verfügt reichlich
über die Stützpunkte für seine Springer. Die einzige, aber beachtliche
Schwäche auf d3 muss allerdings gesichert werden.} Rd5 {Schwarz möchte die
Türme zu verbinden.} (32... Bxf2 33. Kxf2 Rxd3 34. Re7+) 33. Re7+ (33. Ne4 Rhd8
) 33... Kb8 34. Ne4 Rhd8 35. Kg2 (35. Ke2 $16 {Warum nicht? Der Bauer auf d3
ist damit gedeckt.} Bf6 (35... Bg1 36. Ne5) 36. Rf7) 35... Bf6 36. Rf7 R5d7 37.
Rxd7 Rxd7 38. Nxa5 Kc7 39. Nf2 Bd4 $15 40. h3 $2 (40. Ne4 Bb6 41. Nc4 Rxd3)
40... Bxf2 41. Kxf2 Rxd3 $19 42. f5 Rc3 43. Kg2 Kb6 0-1

[Event "USA-ch"]
[Site "San Diego"]
[Date "2004.11.26"]
[Round "3"]
[White "Benjamin, Joel"]
[Black "Bercys, Salvijus"]
[Result "1-0"]
[WhiteElo "2554"]
[BlackElo "2356"]
[Annotator "Bangiev,A"]
[PlyCount "89"]
[EventDate "2004.11.24"]
[EventType "swiss"]
[EventRounds "9"]
[EventCountry "USA"]
[SourceTitle "CBM 105"]
[Source "ChessBase"]
[SourceDate "2005.04.11"]
[SourceVersion "1"]
[SourceVersionDate "2005.04.11"]
[SourceQuality "1"]

1. e4 c5 2. Nc3 e6 3. Nf3 a6 4. g3 Nc6 5. Bg2 Nf6 6. O-O Qc7 7. d3 Be7 {
[%csl Gf7][%cal Ye6f7]} 8. Ng5 {Weiß plant f4-f5, möchte die weißen Felder
schwächen, u.a. h7-h6 erzwingen.} h6 {Dies ist notwendig, schwächt aber das
Feld g6.} (8... O-O 9. f4 h6 10. Nf3) 9. Nh3 {/\f4} b5 {[%csl Gb7] Dieser
Vorstoß schwächt die Felder b7,c6, was Weiß auf einer bemerkenswerten Weise
ausnutzen mochte.} 10. a4 $5 {[%csl Gf7] Weiß plant den Vorstoß Nd5; Warum
nicht gleich? 10.a4 schwächt den weißen Damenflügel, außerdem ist der Bauer
auf a4 nicht ausreichend gedeckt. Die Idee besteht darin, dass dadurch das
wichtige Feld c4 geschwächt werden soll.} (10. f4 b4 11. Ne2 (11. Nd5 $6 exd5
12. exd5 O-O) 11... d5 $11) (10. Nd5 exd5 11. exd5 O-O 12. dxc6 dxc6 (12... d5
$6 13. Nf4 Qxc6 14. c4 $36) 13. Nf4 Bg4 $132) 10... b4 11. Nd5 $5 exd5 12. exd5
{[%cal Ye6f7,Ye4f5]} O-O (12... Nd4 13. d6 $16) 13. dxc6 d5 $1 {[%csl Gd5]
Verteidigt das Feld c4} (13... dxc6 {[%csl Gc5]} 14. Be3 Bg4 15. Qd2 Rad8 16.
b3 {[%csl Gc4]}) 14. Nf4 Qxc6 15. c4 bxc3 $1 16. bxc3 {/\c4} Qd7 17. c4 Bb7 {
[%cal Ye4d5]} 18. Rb1 (18. Qf3 {[%cal Ye4d5]} Rab8) 18... Rab8 19. Qf3 {
[%cal Ye4d5]} (19. a5 dxc4 20. dxc4 Bxg2 21. Rxb8 Rxb8 22. Nxg2) 19... Ba8 (
19... Qxa4 $5 20. cxd5 (20. Nh5 Ba8 21. Rxb8 Rxb8 $15) 20... Ba8) 20. Rxb8 Rxb8
21. Nxd5 Nxd5 22. cxd5 Rd8 (22... Qxa4 $5) 23. Re1 Bf8 24. Qe4 Bxd5 25. Qxd5
Qxd5 26. Bxd5 Rxd5 27. Re8 Rxd3 28. Be3 Rd5 $8 29. Kg2 (29. Ra8 c4 30. Rxa6 Bb4
$11) 29... f5 30. Ra8 c4 31. Rxa6 c3 32. Rc6 Bb4 $2 {[%mdl 8192]} (32... Ra5
33. Rxc3 Rxa4 $11) 33. Rc4 Ba5 34. Bd4 c2 35. Be3 Bd2 36. Rxc2 Bxe3 37. fxe3
$16 Rd3 (37... Ra5 $142 38. Ra2 Kf7 39. Kf3 Ke6 40. Ke2 Kd5 41. Kd3 $16) 38.
Ra2 Rxe3 39. a5 Re7 40. a6 Ra7 41. Ra5 g6 42. Kf3 Kf7 43. Ke3 Ke6 44. Kd4 Kd6
45. h4 1-0

[Event "Chebanenco Memorial 1st"]
[Site "Kishinev"]
[Date "1998.02.14"]
[Round "6"]
[White "Fedorov, Alexei"]
[Black "Bologan, Viktor"]
[Result "0-1"]
[WhiteElo "2595"]
[BlackElo "2580"]
[Annotator "Bangiev,A"]
[PlyCount "112"]
[EventDate "1998.02.09"]
[EventType "tourn"]
[EventRounds "9"]
[EventCountry "MDA"]
[EventCategory "12"]
[SourceTitle "CBM 064"]
[Source "ChessBase"]
[SourceDate "1998.06.02"]
[SourceVersion "1"]
[SourceVersionDate "1998.06.02"]
[SourceQuality "1"]

1. e4 {Hecht} c5 2. Nf3 e6 3. Nc3 a6 4. g3 b5 5. Bg2 Bb7 6. d3 d6 7. O-O Nf6 8.
a3 Nbd7 9. Nh4 Qc7 10. f4 Be7 11. Bd2 Bc6 12. Qe2 O-O 13. Nd1 $5 c4 14. Nf2
cxd3 15. cxd3 Nc5 16. Rad1 $1 a5 17. Nf3 Nb3 $6 18. Be3 Qb7 19. g4 Nd7 20. f5
Rfc8 21. d4 $1 {/\d5} Nf6 (21... d5 22. e5 $16) 22. fxe6 fxe6 23. Ng5 {[%csl
Re6]} e5 (23... Bd7 24. Qd3 a4 25. e5 $18) (23... Qd7 24. Nxe6 Qxe6 25. d5 Bxd5
26. exd5 $16) 24. d5 Bd7 25. Ne6 Bxe6 (25... b4 26. g5 Ne8 (26... Bb5 27. Nd3
Nd7 28. Qh5 $40) 27. Qh5 $40) 26. dxe6 Rf8 27. g5 Ne8 28. Qh5 $16 g6 (28... Nc7
29. Bh3 $1 Nc5 (29... Rac8 30. Bf5 g6 31. Bxg6 $18) 30. Bxc5 dxc5 31. Bf5) 29.
Qh3 Ng7 30. Ng4 Nh5 31. Nf6+ $1 Nxf6 32. gxf6 Rxf6 (32... Bxf6 33. Rxd6 $18)
33. Rxf6 Bxf6 34. Rxd6 $18 {/\Rd7} Rd8 35. Rd5 $2 (35. e7 $1 {/\Qe6} Qxe7 36.
Rxd8+ Qxd8 37. Qe6+ $18) 35... Qc6 $1 $132 36. Qg4 Nd4 37. Bxd4 $2 exd4 38. h4
d3 $17 39. e5 $5 (39. Qd1 Rxd5 40. exd5 Qc2 41. Bf3 $17) 39... Rxd5 40. exf6 d2
41. Bxd5 Qxd5 {[#]} 42. Qd1 Qd4+ 43. Kg2 Qe4+ 44. Kf1 Qxe6 45. Qxd2 Qxf6+ 46.
Kg2 Qc6+ 47. Kg3 a4 $19 48. Qd4 h5 49. Qe5 Kf7 {[#] Hecht: Weiß steht zwar
optimal und verhindert momentan die Aktivierung des schwarzen Königs, hat aber
auch keinen vernünftigen Abwartezug, der die Position hält. Im übrigen steht
der weiße König ohne Bauerndeckung so offen, daß Schwarz bei der alsbaldigen
Königswanderung Richtung Zentrum und Damenflügel gute Gelegenheiten zu
Gegenschachs vorfindet.} 50. Qf4+ (50. Kh2 {Hecht} Qc4 $19 {[%csl Rg4,Rh4]
[%cal Gc4c7,Gc4f4,Gc4d5]}) 50... Ke6 51. Qe3+ Kd7 52. Qf2 Qd6+ 53. Kg2 Qd5+ 54.
Kg3 Qd3+ 55. Kg2 Ke6 56. Qb6+ Kd5 (56... Kd5 {Hecht} 57. Qc7 {[%cal Gc7c4]}
Qe4+ {[%csl Yc4,Ye5,Rh4]} 58. Kg1 {Zwar der einzige Zug, um Damentausch oder
Verlust des Bh4 mit Schach zu verhindern. Dennoch kann es sich Schwarz nun
aussuchen, welchen Bauern er mit Schach gewinnen will; entweder den Bb2 nach
Db1+ oder den Bh4 nach Dg4+. Die Aufgabe von Weiß kommt deshalb keinesfalls zu
früh.}) 0-1

[Event "Tiraspol"]
[Site "Tiraspol"]
[Date "1994.??.??"]
[Round "2"]
[White "Titov, German1"]
[Black "Razuvaev, Yuri S"]
[Result "0-1"]
[WhiteElo "2500"]
[BlackElo "2555"]
[Annotator "Belov,I"]
[PlyCount "68"]
[EventDate "1994.??.??"]
[EventType "tourn"]
[EventRounds "9"]
[EventCountry "MDA"]
[EventCategory "10"]
[SourceTitle "CBM 040"]
[Source "ChessBase"]
[SourceDate "1994.06.01"]
[SourceVersion "1"]
[SourceVersionDate "1994.06.01"]
[SourceQuality "1"]

1. e4 c5 2. Nf3 e6 3. d3 Nc6 4. c3 (4. g3 d5 5. Nbd2) 4... d5 5. Nbd2 Nge7 6.
g3 b6 $5 $146 {/\7.Bg2 Ba6/} (6... g6 7. Bg2 Bg7 8. h4 $5 h6 9. O-O a5 (9... b6
10. Re1 Bb7 11. exd5 Nxd5 12. Nc4 O-O 13. Nfe5 $6 (13. a4 $5) 13... Nxe5 14.
Nxe5 Qc7 15. Qe2 Nf6 $15 {Titov,G-Eingorn,V/USSR(ch)/1991/0:1 (37)/}) 10. a4 b6
11. Re1 Ba6 12. exd5 exd5 (12... Nxd5 $5 13. Nc4 Qc7 14. Na3 Rd8 15. Nb5 Bxb5
16. axb5 Nce7 17. Bf1 O-O $10 {Kholmov,R-Paehtz,Th/Varna/1987/}) 13. Nb3 O-O
14. d4 c4 15. Nbd2 Qd7 $146 (15... Bc8 16. Nf1 Be6 17. Bf4 Qd7 18. b3 $14 {
Benjamin,J-Eingorn,V/Saint John/1988/1:0 (52) Inf 45/5/}) 16. Ne5 Nxe5 17. dxe5
Nc6 18. Nf3 Rae8 19. Bf4 $14 {Titov,G-Vasiukov,E/Tiraspol(4)/1994/0,5 (48)/})
7. h4 $5 Ba6 8. h5 h6 9. a3 $5 {/\b4/} g5 $5 (9... Qd7 10. b4 g5 11. hxg6 fxg6
12. bxc5 bxc5 13. Nb3 Nc8 14. Be3 $16) 10. hxg6 fxg6 11. Ng5 $1 (11. b4 $6 Bg7)
11... Qd7 12. Qf3 Ng8 13. exd5 exd5 14. Qe2+ $6 (14. Kd1 $5 {/\Bh3,Re1|^/} Ne5
(14... Qe7 15. Qxd5 Bb7 16. Nge4 $16) 15. Bh3 $5 (15. Qe3 Qe7 16. Bg2 Ng4 $13)
15... Nxf3 16. Bxd7+ Kxd7 17. Ndxf3 Bd6 18. Nf7 Rh7 19. Nxd6 $13) 14... Qe7 15.
Ne6 $6 (15. Ndf3 Nf6 $13) 15... Kf7 16. Nxf8 Rxf8 17. Qxe7+ Ngxe7 18. b4 (18.
Nf3 Kg7 19. Be2 Bxd3 20. Bxd3 Rxf3 $17) 18... Ne5 19. d4 Bxf1 20. dxe5 (20.
Kxf1 cxd4 21. cxd4 Nc4 22. Nxc4 dxc4 23. Bf4 Nd5 24. Be5 Rhg8 $17) 20... Bd3
21. bxc5 Nc6 $5 (21... bxc5 22. Nb3 c4 23. Nd4 $15) 22. f4 (22. cxb6 $5 Nxe5
23. bxa7 Re8 24. Nb1 $1 $13) 22... bxc5 23. Nb3 c4 $8 24. Nc5 (24. Nd4 Nxd4 25.
cxd4 h5 $17) 24... Bf5 25. Be3 Rb8 $17 26. Rh2 h5 27. Rd1 Rhd8 28. Rhd2 Bg4 29.
Rc1 Na5 30. Rcc2 Nb3 31. Rh2 Rb5 32. Rb2 (32. Nxb3 cxb3 33. Rb2 a5 $17) 32...
Rxc5 33. Bxc5 $6 (33. Rxb3 cxb3 34. Bxc5 a5 $17) 33... Nxc5 $19 34. Rb5 Ne4 0-1

[Event "Budapest Honved"]
[Site "Budapest"]
[Date "1991.??.??"]
[Round "?"]
[White "Horvath, Zoltan"]
[Black "Csom, Istvan"]
[Result "0-1"]
[WhiteElo "2350"]
[BlackElo "2460"]
[Annotator "Blatny,P"]
[PlyCount "70"]
[EventDate "1991.??.??"]
[EventType "tourn"]
[EventRounds "11"]
[EventCountry "HUN"]
[EventCategory "9"]
[SourceTitle "CBM 027"]
[Source "ChessBase"]
[SourceDate "1992.04.01"]
[SourceVersion "1"]
[SourceVersionDate "1992.04.01"]
[SourceQuality "1"]

1. e4 c5 2. Nf3 a6 3. c4 {/\[+]} (3. d4 cxd4 4. Nxd4 e5 $5 $132) 3... e6 4. Nc3
Qc7 {<->c} 5. Be2 (5. b3 {/^a1-h8}) 5... Nf6 6. O-O (6. e5 Ng4 7. d4 cxd4 8.
Qxd4 h5 {/\Bc5,Nc6}) 6... d6 7. d4 Nbd7 (7... cxd4 8. Nxd4 b6 {Andersson's idea
}) 8. d5 (8. h3 b6 $13 (8... cxd4 9. Nxd4 Nc5 10. Qc2 b6 $13)) 8... e5 9. Nh4
g6 10. f4 (10. g3 {/\11.Ng2,12.f4}) 10... exf4 {><e5} 11. Bxf4 Bg7 12. Qd3 O-O
13. Qg3 Ne5 (13... Ne8) 14. Bxe5 (14. Rae1 Nfd7) 14... dxe5 15. Rf2 Ne8 {/\Nd6}
16. Bg4 Nd6 17. Bxc8 Rfxc8 18. b3 b5 {-><<} 19. cxb5 (19. Qd3 bxc4 20. bxc4
Rab8 21. Rc2 Rb4 22. Ne2 Rcb8 $36) 19... axb5 20. Qe3 Qa5 21. Rc1 Qa3 {קa2}
22. Rfc2 c4 23. b4 (23. bxc4 Rxc4 {/\b4}) 23... Qa7 (23... Qxb4) 24. Qxa7 Rxa7
25. g4 Bh6 26. Kf2 (26. Re1 Ra3 27. Ree2) 26... Ra3 (26... Bxc1) 27. Ke2 Nxe4
$1 28. Nxb5 (28. Nxe4 Re3+ 29. Kf1 Rxe4 $19) 28... Re3+ 29. Kf1 Rh3 30. Re1 (
30. Ng2 Rxh2 $19) 30... Nd2+ 31. Kg2 Rxh4 $19 32. h3 f5 33. gxf5 gxf5 34. Rxe5
Kh8 35. Kg3 Rh5 0-1